<?xml version="1.0" encoding="UTF-8"?>
<record
    xmlns:xsi="http://www.w3.org/2001/XMLSchema-instance"
    xsi:schemaLocation="http://www.loc.gov/MARC21/slim http://www.loc.gov/standards/marcxml/schema/MARC21slim.xsd"
    xmlns="http://www.loc.gov/MARC21/slim">

  <leader>05010nam a2200361Ia 4500</leader>
  <controlfield tag="001">114168</controlfield>
  <controlfield tag="003">DR-UNIBE</controlfield>
  <controlfield tag="005">20251021153339.0</controlfield>
  <controlfield tag="008">251021b2007    dr ||||| |||| 00| 0 spa d</controlfield>
  <datafield tag="020" ind1=" " ind2=" ">
    <subfield code="a">97899451401125</subfield>
  </datafield>
  <datafield tag="040" ind1=" " ind2=" ">
    <subfield code="a">BIBLIOTECA UNIBE</subfield>
    <subfield code="c">BIBLIOTECA UNIBE</subfield>
    <subfield code="b">spa</subfield>
  </datafield>
  <datafield tag="041" ind1=" " ind2=" ">
    <subfield code="a">spa</subfield>
  </datafield>
  <datafield tag="082" ind1="0" ind2=" ">
    <subfield code="a">RD 345.729305 O77c 2007</subfield>
  </datafield>
  <datafield tag="100" ind1="1" ind2="0">
    <subfield code="a">Ortega Polanco, Francisco Antonio,</subfield>
    <subfield code="d">1969-</subfield>
    <subfield code="9">21041</subfield>
    <subfield code="e">autor</subfield>
  </datafield>
  <datafield tag="245" ind1="1" ind2="0">
    <subfield code="a">C&#xF3;digo procesal penal : </subfield>
    <subfield code="b">por un juez en ejercicio. Tomo 2 / </subfield>
    <subfield code="c">Francisco Ortega Polanco</subfield>
  </datafield>
  <datafield tag="250" ind1=" " ind2=" ">
    <subfield code="a">Primera edici&#xF3;n</subfield>
  </datafield>
  <datafield tag="260" ind1=" " ind2=" ">
    <subfield code="a">Santo Domingo : </subfield>
    <subfield code="b">[Editor no identificado],</subfield>
    <subfield code="c">2007</subfield>
  </datafield>
  <datafield tag="300" ind1=" " ind2=" ">
    <subfield code="a">583 p&#xE1;ginas ;</subfield>
    <subfield code="c">26 cm</subfield>
  </datafield>
  <datafield tag="505" ind1="0" ind2=" ">
    <subfield code="a">Presentaci&#xF3;n |
Prefacio |
Abreviaturas |
C&#xF3;digo procesal penal de la Rep&#xFA;blica Dominicana |
LIBRO I. DISPOSICIONES GENERALES |
T&#xCD;TULO I. PRINCIPIOS FUNDAMENTALES |
Cap&#xED;tulo 1. La acci&#xF3;n penal |
Secci&#xF3;n 1. Ejercicio de la acci&#xF3;n penal |
Secci&#xF3;n 2. Criterios de oportunidad |
Secci&#xF3;n 3. Conciliaci&#xF3;n |
Secci&#xF3;n 4. Suspensi&#xF3;n condicional del procedimiento |
Secci&#xF3;n 5. Extinci&#xF3;n de la acci&#xF3;n penal |
Cap&#xED;tulo 2. Ejercicio y r&#xE9;gimen de la acci&#xF3;n civil |
Cap&#xED;tulo 3. Excepciones |
LIBRO II. LA JURISDICCI&#xD3;N PENAL |
Cap&#xED;tulo 1. Jurisdicci&#xF3;n y competencia |
Cap&#xED;tulo 2. Tribunales competentes |
Cap&#xED;tulo 3. Motivos de inhibici&#xF3;n y recusaci&#xF3;n |
T&#xCD;TULO II. V&#xCD;CTIMA Y QUERELLANTE |
Cap&#xED;tulo 1. La v&#xED;ctima |
Cap&#xED;tulo 2. Querellante |
T&#xCD;TULO III. MINISTERIO P&#xDA;BLICO Y &#xD3;RGANOS AUXILIARES |
Cap&#xED;tulo 1. Ministerio p&#xFA;blico |
Cap&#xED;tulo 2. Los &#xF3;rganos de investigaci&#xF3;n y auxiliares |
T&#xCD;TULO IV. EL IMPUTADO |
Cap&#xED;tulo 1. Normas generales |
Cap&#xED;tulo 2. Declaraci&#xF3;n del imputado |
T&#xCD;TULO V. LA DEFENSA T&#xC9;CNICA |
T&#xCD;TULO VI. PARTES CIVILES |
Cap&#xED;tulo 1. El actor civil |
Cap&#xED;tulo 2. El tercero civilmente demandado |
T&#xCD;TULO VII. AUXILIARES DE LAS PARTES |
T&#xCD;TULO VIII. OBLIGACIONES DE LAS PARTES |
LIBRO III. ACTIVIDAD PROCESAL |
T&#xCD;TULO &#xDA;NICO. ACTOS PROCESALES |
Cap&#xED;tulo 1. Actos y resoluciones |
Cap&#xED;tulo 2. Plazos |
Cap&#xED;tulo 3. Control de la duraci&#xF3;n del proceso |
Cap&#xED;tulo 4. Cooperaci&#xF3;n judicial internacional |
LIBRO IV. MEDIOS DE PRUEBA |
T&#xCD;TULO I. NORMAS GENERALES |
T&#xCD;TULO II. COMPROBACI&#xD3;N INMEDIATA Y MEDIOS AUXILIARES |
T&#xCD;TULO III. TESTIMONIOS |
T&#xCD;TULO IV. PERITOS |
T&#xCD;TULO V. OTROS MEDIOS DE PRUEBA |
LIBRO V. MEDIDAS DE COERCI&#xD3;N |
T&#xCD;TULO I. NORMAS GENERALES |
T&#xCD;TULO II. MEDIDAS DE COERCI&#xD3;N PERSONALES |
Cap&#xED;tulo 1. Arresto y conducencia |
Cap&#xED;tulo 2. Otras medidas |
Cap&#xED;tulo 3. Revisi&#xF3;n de las medidas de coerci&#xF3;n |
T&#xCD;TULO III. MEDIDAS DE COERCI&#xD3;N REALES |
LIBRO IV. COSTAS E INDEMNIZACIONES |
T&#xCD;TULO I. DE LAS COSTAS |
T&#xCD;TULO II. DE LA INDEMNIZACI&#xD3;N AL IMPUTADO |
PARTE ESPECIAL. LIBRO I. PROCEDIMIENTO COM&#xDA;N |
T&#xCD;TULO I. PROCEDIMIENTO PREPARATORIO |
Cap&#xED;tulo 1. Normas generales |
Cap&#xED;tulo 2. Actos iniciales |
Secci&#xF3;n 1. Denuncia |
Secci&#xF3;n 2. Querella |
Secci&#xF3;n 3. Intervenci&#xF3;n de la polic&#xED;a judicial |
Secci&#xF3;n 4. Investigaci&#xF3;n preliminar |
Cap&#xED;tulo 3. Desarrollo de la investigaci&#xF3;n |
Cap&#xED;tulo 4. Conclusi&#xF3;n del procedimiento preparatorio |
T&#xCD;TULO II. AUDIENCIA PRELIMINAR |
T&#xCD;TULO III. EL JUICIO |
Cap&#xED;tulo 1. Preparaci&#xF3;n del debate |
Cap&#xED;tulo 2. Principios generales del juicio |
Cap&#xED;tulo 3. De la sustanciaci&#xF3;n del juicio |
Secci&#xF3;n 1. De la vista de la causa |
Secci&#xF3;n 2. De la deliberaci&#xF3;n y la sentencia |
Secci&#xF3;n 3. Del registro o acta de audiencia |
Secci&#xF3;n 4. Divisi&#xF3;n del juicio |
LIBRO II. PROCEDIMIENTOS ESPECIALES |
T&#xCD;TULO I. PROCEDIMIENTO POR CONTRAVENCIONES |
T&#xCD;TULO II. PROCEDIMIENTO PARA INFRACCIONES DE ACCI&#xD3;N PRIVADA |
T&#xCD;TULO III. PROCEDIMIENTO PENAL ABREVIADO |
Cap&#xED;tulo 1. Acuerdo pleno |
Cap&#xED;tulo 2. Acuerdo parcial |
T&#xCD;TULO IV. PROCEDIMIENTO PARA ASUNTOS COMPLEJOS |
T&#xCD;TULO V. PROCEDIMIENTO PARA IMPUTABLES |
T&#xCD;TULO VI. COMPETENCIA ESPECIAL |
T&#xCD;TULO VII. EL H&#xC1;BEAS CORPUS |
LIBRO III. LOS RECURSOS |
T&#xCD;TULO I. DISPOSICIONES GENERALES |
T&#xCD;TULO II. DE LA OPOSICI&#xD3;N |
T&#xCD;TULO III. DE LA APELACI&#xD3;N |
T&#xCD;TULO IV. APELACI&#xD3;N DE LA SENTENCIA |
T&#xCD;TULO V. DE LA CASACI&#xD3;N |
T&#xCD;TULO VI. DE LA REVISI&#xD3;N |
LIBRO IV. EJECUCI&#xD3;N |
T&#xCD;TULO I. EJECUCI&#xD3;N PENAL |
Cap&#xED;tulo 1. Normas generales |
Cap&#xED;tulo 2. Procedimiento |
T&#xCD;TULO II. EJECUCI&#xD3;N CIVIL




</subfield>
  </datafield>
  <datafield tag="650" ind1=" " ind2="7">
    <subfield code="a">Procedimiento penal</subfield>
    <subfield code="2">lemb</subfield>
    <subfield code="z">Rep&#xFA;blica Dominicana</subfield>
    <subfield code="9">15663</subfield>
  </datafield>
  <datafield tag="650" ind1=" " ind2="7">
    <subfield code="a">Soluci&#xF3;n de conflictos</subfield>
    <subfield code="9">98137</subfield>
    <subfield code="2">lemb</subfield>
  </datafield>
  <datafield tag="650" ind1=" " ind2="7">
    <subfield code="a">Jueces</subfield>
    <subfield code="9">98138</subfield>
    <subfield code="2">lemb</subfield>
  </datafield>
  <datafield tag="650" ind1=" " ind2="7">
    <subfield code="a">Administraci&#xF3;n de justicia penal</subfield>
    <subfield code="9">98139</subfield>
    <subfield code="2">lemb</subfield>
  </datafield>
  <datafield tag="650" ind1=" " ind2="7">
    <subfield code="a">Procesos (Derechos)</subfield>
    <subfield code="9">11259</subfield>
    <subfield code="2">lemb</subfield>
  </datafield>
  <datafield tag="650" ind1=" " ind2="7">
    <subfield code="a">Igualdad ante la ley</subfield>
    <subfield code="9">98140</subfield>
    <subfield code="2">lemb</subfield>
  </datafield>
  <datafield tag="650" ind1=" " ind2="7">
    <subfield code="a">Derecho penal</subfield>
  </datafield>
  <datafield tag="700" ind1="1" ind2=" ">
    <subfield code="a">Hern&#xE1;ndez Mej&#xED;a, Edgar</subfield>
    <subfield code="e">presentaci&#xF3;n</subfield>
    <subfield code="e">revisor de contenido</subfield>
    <subfield code="9">5180</subfield>
  </datafield>
  <datafield tag="700" ind1="1" ind2=" ">
    <subfield code="a">Pellerano G&#xF3;mez, Juan Manuel</subfield>
    <subfield code="e">prefacio</subfield>
    <subfield code="9">200122</subfield>
  </datafield>
  <datafield tag="700" ind1="1" ind2=" ">
    <subfield code="a">Febles, Miguel</subfield>
    <subfield code="e">revisor de estilo</subfield>
    <subfield code="9">182374</subfield>
  </datafield>
  <datafield tag="700" ind1="1" ind2=" ">
    <subfield code="a">Rivera, Santiago</subfield>
    <subfield code="e">diagramador</subfield>
    <subfield code="9">147927</subfield>
  </datafield>
  <datafield tag="942" ind1=" " ind2=" ">
    <subfield code="c">BK</subfield>
    <subfield code="2">ddc</subfield>
  </datafield>
  <datafield tag="951" ind1=" " ind2=" ">
    <subfield code="a">20061022 10:18:00</subfield>
  </datafield>
  <datafield tag="999" ind1=" " ind2=" ">
    <subfield code="c">114168</subfield>
    <subfield code="d">114168</subfield>
  </datafield>
  <datafield tag="952" ind1=" " ind2=" ">
    <subfield code="0">0</subfield>
    <subfield code="1">0</subfield>
    <subfield code="2">ddc</subfield>
    <subfield code="7">0</subfield>
    <subfield code="8">GEN-RD</subfield>
    <subfield code="a">Principal</subfield>
    <subfield code="d">2025-08-21</subfield>
    <subfield code="l">0</subfield>
    <subfield code="o">RD 345.729305 O77c 2007</subfield>
    <subfield code="p">251054</subfield>
    <subfield code="r">2025-10-21 11:21:27</subfield>
    <subfield code="t">Ej. 1</subfield>
    <subfield code="w">2025-10-21</subfield>
    <subfield code="y">BK</subfield>
  </datafield>
</record>
